000 02167cam a22006134i 4500
003 PE-LiUPU
005 20250731170440.0
008 150625s2001 xxca r 000 0 spa d
020 _a848055777X
020 _a9788480557771
035 _a(Sirsi) i9788480557771
040 _aPE-LiUPU
_bspa
_cPE-LiUPU
_dPE-LiUPU
_erda
049 _aPRUA
082 0 4 _a155.4
_bO63
_221
100 1 _aOrdóñez Legarda, María del Carmen,
_eautor.
245 1 0 _aEstimulación temprana :
_binteligencia emocional y cognitiva; de 0 - 1 años.
_n1 /
_cMaría del Carmen Ordóñez Legarda y Alfredo Tinajero Miketta.
264 1 _aQuebecor, Canada :
_bCultural, S: A.,
_c[2001].
300 _a184 páginas :
_bilustraciones ;
_c28 centímetros
336 _atext
_2rdacontent
337 _aunmediated
_2rdamedia
338 _avolume
_2rdacarrier
505 0 _aIntroducción al tema de la estimulación temprana -- El lenguaje, el juego y el arte como medio para el desarrollo de la inteligencia -- Banco de experiencias.
526 _aSEG68
526 _aSEG70
526 _aSEG69
526 _aSEG67
526 _aSEG43
526 _aP144
526 _aP143
526 _aP131
526 _aP122
526 _aP120
526 _aP117
526 _aP112
526 _aP110
526 _aP106
526 _aP101
526 _aP80
526 _aP59
526 _aP54
526 _aP35
526 _aP33
526 _aP30
541 _g002-0000427;
650 0 4 _aDesarrollo infantil (o -1 años).
650 0 4 _aEstimulación temprana.
650 0 4 _aNiños
_xCrecimiento.
700 1 _aTinajero Miketta, Alfredo,
_eautor.
942 _2ddc
_cBOOK
949 _a155.4 O63 1
_wDEWEY
_c1
_i56102
_d2016-10-5
_e2016-10-3
_lCCODEBUL1
_mBUL
_n2
_r0
_sY
_tBOOK
_u2015-6-25
_xSALUD
_zUNKNOWN
_0COMPRA
_o.STAFF. Colección Ciencias de la Salud
994 _aC0
_bPEPRU
596 _a1
999 _a155.4 O63 1
_wDEWEY
_c45296
_i56102
_d45296
_e2018-11-20
_f2021-11-3
_g5
_lCCODEBUL1
_mBUL
_n20
_p160.00
_q8
_r0
_sY
_tBOOK
_u2015-6-25
_xSALUD
_zUNKNOWN
_0COMPRA
_o.STAFF. Colección Ciencias de la Salud
980 _81
_gALBERTO SANCHEZ Responsable de Automatización